000 01043nam a22002537a 4500
005 20170124102938.0
010 _aB-144051
020 _c195.00
_a817119818
035 _aB-144051
037 _bCen Lib/Ret
040 _aDPL
_bHN
082 _a343.54071
_bप्रेमल
100 _aप्रेमलता
_94570
245 _aउपभोक्ता अदालतें :
_cप्रेमलता
_bस्वरूप एवं संभावनाएँ /
246 _aUpbhokta adalatein : swaroop evam sambhavnaen /
_bby Premlata
260 _aदिल्ली
_bराधाकृष्ण प्रकाशन
_c2004
270 _aज़ी-17, जगतपुरी
_bदिल्ली
_e110051
300 _ax, 151पृ.
_c21सेमी (असजिल्द)
650 _aलोक प्रशासन
_94735
650 _aअदालतें
_947225
650 _aPublic administration
_94733
650 _aCourts
_940543
942 _2ddc
_cHN
_h343.54071
_mप्रेमल
999 _c112392
_d112392